000 00347nam a2200133Ia 4500
008 240624s9999 xx 000 0 und d
041 _aeng
082 _a658.4036 HAR
100 _aHARRIS THOMAS E
245 _aSMALL GROUP AND TEAM COMMUNICATION
260 _c1999
_aBoston
_bAllyn and Bacon
300 _axv, : 271 : p. : cm. ; 23
365 _c
_b35
999 _c8192
_d8192